Normal view
MARC view
- ادارة الازمات
Entry Topical Term
001 - CONTROL NUMBER
- control field: 33281
003 - CONTROL NUMBER IDENTIFIER
- control field: JO-AjAnu
005 - DATE AND TIME OF LATEST TRANSACTION
- control field: 20230606075603.0
008 - FIXED-LENGTH DATA ELEMENTS
- fixed length control field: 230606|| aca||aabn | a|a d
040 ## - CATALOGING SOURCE
- Original cataloging agency: JO-AjAnu
- Transcribing agency: JO-AjAnu
150 ## - HEADING--TOPICAL TERM
- Topical term or geographic name entry element: ادارة الازمات
670 ## - SOURCE DATA FOUND
- Source citation: Work cat.: (JO-AjAnu)17098: جادالله،محمود, author 33280, ادارة الازمات=Crisis Management